|
|
|
|
| LEADER |
00000nab a2200000 a 4500 |
| 001 |
vtls010130323 |
| 003 |
SK-MaSNL |
| 005 |
20260303093534.0 |
| 008 |
100909 2010 xo r r 000 0 slo |
| 015 |
|
|
|a SNBRB2010/09
|2 kevkjb
|
| 038 |
|
|
|a KEVKJB
|
| 040 |
|
|
|a KEVKJB
|b slo
|c KEVKJB
|e AACR2
|
| 041 |
0 |
|
|a slo
|
| 044 |
|
|
|a xo
|c SK
|
| 080 |
|
|
|a 791.44
|x (437.1/.3)
|2 2001
|
| 100 |
1 |
|
|a Martinec, Martin
|4 aut
|9 1037415
|
| 245 |
1 |
0 |
|a Bez mŕtvol
|b nový film Zdeňka Trošku Čertova nevesta stojí viac ako milión eur
|c Martin Martinec
|
| 300 |
|
|
|b Obr.
|
| 600 |
1 |
7 |
|a Troška, Zdeněk,
|d 1953-
|t Čertova nevěsta
|2 kevkjb
|9 1104824
|
| 630 |
0 |
7 |
|a Čertova nevěsta (film)
|2 kevkjb
|9 1104825
|
| 650 |
0 |
7 |
|a film
|z Česko
|2 kevkjb
|9 705843
|
| 773 |
0 |
|
|t Plus 7 dní
|g Roč. XX, č. 37 (2010), s. 36-39
|x 1210-2040
|
| 852 |
|
|
|a KEVKJB
|b KIS3GCP
|
| 958 |
|
|
|a CZ
|
| 999 |
|
|
|c 1816021
|d 1817951
|